LIBRARY & INFORMATION CENTRE, KCAET, TAVANUR

ONLINE PUBLIC ACCESS CATALOGUE (OPAC)

Engineering mechanics and strength of materials / (Record no. 197)

MARC details
000 -LEADER
fixed length control field 00595cam a2200229ua 4500
041 ## - LANGUAGE CODE
Language code of text/sound track or separate title eng
082 ## - DEWEY DECIMAL CLASSIFICATION NUMBER
Classification number 620.101
Item number RAM/EN
100 ## - MAIN ENTRY--AUTHOR NAME
Personal name Ramamrutham, S.
245 ## - TITLE STATEMENT
Title Engineering mechanics and strength of materials /
250 ## - EDITION STATEMENT
Edition statement 1 /
260 ## - PUBLICATION, DISTRIBUTION, ETC. (IMPRINT)
Place of publication New Delhi :
Name of publisher Dhanpat Rai Publishing Co. Pvt. Ltd. ,
Year of publication 1986.
300 ## - PHYSICAL DESCRIPTION
Number of Pages 554 ; .
942 ## - ADDED ENTRY ELEMENTS (KOHA)
Koha item type Books
Holdings
Withdrawn status Lost status Damaged status Home library Current library Date acquired Full call number Accession Number Koha item type Source of acquisition Cost, normal purchase price
Withdrawn   Damaged KAUAET KAUAET 26/03/1986 620.101 15233 Books    
      KAUAET KAUAET 26/03/1986 620.101 15231 Books    
      KAUAET KAUAET 12/02/1986 620.101 14854 Books    
      KAUAET KAUAET 12/02/1986 620.101 14855 Books    
      KAUAET KAUAET 12/02/1986 620.101 14856 Books    
Withdrawn     KAUAET KAUAET 13/01/2025 620.101 RAM/EN 15232 Books Standard Book House, Thrissur. 50.00
free website counter